La borra de café /

Guardado en:
Detalles Bibliográficos
Autor principal: Benedetti, Mario (autor)
Formato: Libro
Idioma:Español
Publicado: Santiago, Chile : Ebooks Patagonia, 2014, c2014
Temas:
Acceso en línea:Ver documento en línea
Etiquetas: Agrega una etiqueta
Sin etiquetas, Sé el primero en etiquetar este registro!

MARC

LEADER 00000nam^a2200000^a^4500
001 000424886
005 20251023000000.0
009 20260310122702.514
022 |a 9789568992675 
037 |a Acervo ITESO - Biblioteca 
041 |a ESP 
082 |a 863.  |b BEN 
100 |a Benedetti, Mario  |e (autor) 
245 1 3 |a La borra de café /  |c M. Benedetti. 
264 4 |a Santiago, Chile :  |b Ebooks Patagonia,  |c 2014, c2014 
264 2 |a Cartagena, España :  |b Odilo [distribución],  |c 2021 
300 |a 1 ibro electrónico en línea (1 v. sin paginación) 
300 |a 1 recurso en línea 
336 |a datos para computadora  |b cod  |2 rdacontenido 
337 |a computadora  |b c  |2 rdamedio 
338 |a recurso en línea  |b cr  |2 rdasoporte 
506 1 |a 1 licencia 
521 |a Odilo 2021 DIA 
545 0 |a Mario Benedetti (Uruguay, 1920-2009), escritor de una amplia obra que incluye géneros diversos. En 1999 obtuvo el Premio Reina Sofía de Poesía. Durante doce años vivió exiliado, por cuestiones políticas, en Argentina, Perú, Cuba y España. Algunos de sus títulos son: Esta mañana; La tregua; La casa y el ladrillo; El cumpleaños de Juan Angel; El ejercicio del criterio; Poemas de otros; Gracias por el fuego; Pedro y el capitán; Primavera con una esquina rota; Rincón de haikus; El mundo que respiro; Insomnios y duermevelas; y Geografías, entre otros. Aunque con un gran éxito de público, sin embargo la crítica no siempre hace una buena valoración de su obra. En todo caso, fue un escritor paradigmático para toda una generación de latinoamericanos, que cantó sus poemas convertidos en música por autores diversos. 
649 |a XX 
650 |a Novela Uruguaya 
650 |a Literatura Uruguaya -  |y Siglo XX 
856 4 0 |u https://iteso-odilotk-es.ezproxy.iteso.mx/opac?id=01839695  |y Ver documento en línea 
910 |a Fondo General 
920 |a Electrónicos - Libros en Línea 
930 |a Plataforma Digital 
940 |a Literatura 
905 |a 205 
901 |a 424886-1  |b IT2  |c EBO  |i C173764  |u 20250521 
902 |a https://opac.biblio.iteso.mx/vufind/Record/000424886